| 000 | 00954nam a22002177a 4500 | ||
|---|---|---|---|
| 999 |
_c514 _d514 |
||
| 003 | OSt | ||
| 005 | 20220610132631.0 | ||
| 008 | 180221b xxu||||| |||| 00| 0 spa d | ||
| 020 | _a9508941170 | ||
| 040 | _cPJ | ||
| 100 |
_aAntonini, Mónica A. _9657 |
||
| 245 | 1 | 0 |
_aLey de cooperación internacional en materia penal. La extradición y la opción _cMónica A. Antonini. |
| 260 |
_aBuenos Aires : _bAd-Hoc, _c1998. |
||
| 300 |
_a127 p. _c23 cm. |
||
| 500 | _aNotas y bibliografía al pie de página. | ||
| 505 |
_a
Capitulo I Origen de la extradición --Capitulo II Concepto y fundamentos de la extradición --Capitulo III Formas --Capitulo IV La opción a ser juzgado por los jueces nacionales. _rMÓNICA A. ANTONINI _tLEY DE COOPERACIÓN EN MATERIA PENAL . LA EXTRADICIÓN Y LA OPCIÓN |
||
| 650 | 0 |
_9653 _aDERECHO INTERNACIONAL PENAL |
|
| 650 | 0 |
_9397 _aPROCESAL PENAL |
|
| 650 | 0 |
_aEXTRADICION _9658 |
|
| 942 |
_2udc _cLIB _h341.44 _iANT |
||